000 00306 a2200145 4500
001 154820
040 _cEscola São Tomás de Aquino
240 1 0 _aAraribá Ciências
_lpor
245 1 0 _aAraribá Ciências
300 _a248
362 0 _a2010
440 1 _aModerna
697 _aCIÊNCIAS
942 _cBK
999 _c154820
_d154820